书目信息 |
| 题名: |
EDA工程实践技术
|
|
| 作者: | 付家才 主编 | |
| 分册: | ||
| 出版信息: | 北京 化学工业出版社 2005.01 |
|
| 页数: | 206页 | |
| 开本: | 26cm | |
| 丛书名: | ||
| 单 册: | ||
| 中图分类: | TN702 | |
| 科图分类: | ||
| 主题词: | 电子电路--dian zi dian lu--电路设计--计算机辅助设计--高等学校--教材 | |
| 电子资源: | ||
| ISBN: | 7-5025-5781-4 | |
| 000 | 00965nam0 2200253 450 | |
| 001 | 012006696984 | |
| 005 | 20060922153813.21 | |
| 010 | @a7-5025-5781-4@dCNY22.00 | |
| 100 | @a20060626d2005 km y0chiy0120 ea | |
| 101 | 0 | @achi |
| 102 | @aCN@b110000 | |
| 105 | @aa a 000yy | |
| 200 | 1 | @aEDA工程实践技术@AEDA gong cheng shi jian ji shu@f付家才主编@Ffu jia cai zhu bian |
| 210 | @a北京@c化学工业出版社@d2005.01 | |
| 215 | @a206页@c图@d26cm | |
| 300 | @a普通高等教育电气工程实践技术系列教材 | |
| 320 | @a有书目 (第206页)。 | |
| 330 | @a本书详细地介绍了EDA在工程实践中的应用, 通过大量实例讲述PSPICE、EWB、SCH99DXP的电路仿真方法。主要包括电子电路仿真设计、在线可编程实验装置、VHDL应用、综合应用、EDA工程实践方法等内容。 | |
| 333 | @a高等学校规划教材 | |
| 606 | 0 | @a电子电路@Adian zi dian lu@x电路设计@x计算机辅助设计@x高等学校@j教材 |
| 690 | @aTN702@v4 | |
| 701 | 0 | @a付家才@Afu jia cai@4主编 |
| 801 | 0 | @aCN@bQSSK@c20060922 |
| 905 | @a10447@dTN702@eF830 | |
| EDA工程实践技术/付家才主编.-北京:化学工业出版社,2005.01 |
| 206页:图;26cm |
| 普通高等教育电气工程实践技术系列教材.-使用对象:高等学校规划教材 |
| ISBN 7-5025-5781-4:CNY22.00 |
| 本书详细地介绍了EDA在工程实践中的应用, 通过大量实例讲述PSPICE、EWB、SCH99DXP的电路仿真方法。主要包括电子电路仿真设计、在线可编程实验装置、VHDL应用、综合应用、EDA工程实践方法等内容。 |
| ● |
| 相关链接 |
|
|
|
正题名:EDA工程实践技术
索取号:TN702/F830
 
预约/预借
| 序号 | 登录号 | 条形码 | 馆藏地/架位号 | 状态 | 备注 |
| 1 | 591991 | 205919915 | 自科库301/404自科库 2排2列5层/ [索取号:TN702/F830] | 在馆 | |
| 2 | 591992 | 205919924 | 自科库301/301自科库 29排1列4层/ [索取号:TN702/F830] | 在馆 | |
| 3 | 591993 | 205919933 | 自科库301/301自科库 29排1列4层/ [索取号:TN702/F830] | 在馆 |